[Event "Chesterfield SPICE Cup op"]
[Site "Chesterfield"]
[Date "2022.12.23"]
[Round "9"]
[White "Zhang, Alex"]
[Black "Sargsyan, Anna M"]
[Result "0-1"]
[WhiteElo "1990"]
[BlackElo "2384"]
[PlyCount "64"]
[EventDate "2022.12.18"]
[EventType "swiss"]
[EventRounds "9"]
[EventCountry "USA"]
[SourceTitle "CBM 212 Extra"]
[Source "ChessBase"]
[SourceDate "2023.03.31"]
[SourceVersion "1"]
[SourceVersionDate "2023.03.31"]
[SourceQuality "1"]

1. d4 d5 2. c4 c6 3. cxd5 cxd5 4. Bf4 Nc6 5. e3 Nf6 6. Bd3 Qb6 7. Nc3 Qxb2 8. Nge2 a6 9. Rb1 Qa3 10. 0-0 e6 11. Na4 Nd7 12. Nec3 b5 13. Rb3 Qe7 14. Nxb5 axb5 15. Bxb5 Bb7 16. Qc1 Rc8 17. Rc3 Na7 18. Rxc8+ Bxc8 19. Nb6 Nxb5 20. Nxc8 Qd8 21. a4 Ba3 22. Qc6 0-0 23. axb5 Qxc8 24. Ra1 Bb2 25. Ra2 e5 26. Bg3 Nb8 27. Qxc8 Rxc8 28. h3 Bc3 29. Ra8 f6 30. dxe5 Bxe5 31. f4 Bd6 32. Kh2 Rc5 0-1